000 00658nam a2200205Ii 4500
003 JO-AjNU
008 230605s9999||||xx |||||||||||||| ||und||
040 _aJO-AjNU
_bara
_erda
_cJO-AjNU
041 _aara
050 1 4 _aK5015.2011
100 3 _aاعداد واشراف ، عجروش ، اسامة اسماعيل ,
_eauthor
_934259
245 0 0 _aقانون العقوبات
250 _aط3
264 3 1 _aبيروت : منشورات زين الحقوقية ، 2011
300 _a266ص
336 _atext
_btxt
_2rdacontent
337 _aunmediated
_bn
_2rdamedia
338 _avolume
_bnc
_2rdacarrier
650 4 _aقانون العقوبات
_934260
999 _aA14026
_c17594
_d17594